01243nam a2200229 a 450000100100000000500170001000800410002704000250006824501890009326001100028230000270039249000650041950000730048470000270055770000320058470000340061671000590065083000700070995201060077995201110088599900170099600004169120201002035714.0130502s1997 sp 000 0 spa d aDO-SdBNPbspacBNPHU03aLos "Ejemplares tipo" de las colecciones malacológicas del Museo Nacional de Ciencias Naturales /cMiguel Villena ... [et al.] ; editores Jorge Morales Romero, Ángel Guerra Sierra. aMadrid :bMuseo Nacional de Ciencias NaturalesbConsejo Superior de Investigaciones Científicas,c1997. a170 p. :bil. ;c24cm.1 aMonografías del Museo Nacional de Ciencias Naturales ;v13 aIncluye referencias bibliográficas y notas al pie de las páginas1 aVillena, Miguel9685031 aMorales Romero,Jorge9685041 aGuerra Sierra, Ángel9685052 aMuseo Nacional de Ciencias Naturales (España)915409 0aMonografías del Museo Nacional de Ciencias Naturalesv13968506 0010507-18MOaGRbGRcOId2013-10-15iLF1l0o p41691-10r2020-06-25w2020-06-25y1ZNo se presta 001050718MOaGRbGRcCTd2013-10-15iLF1l0o p41691-20r2020-06-25te. 2w2020-06-25y1ZNo se presta c41181d41181